Score 0/20 Timer 03:00
0 Plays Today
Title Missing Word % Correct
The Hitchhiker's Guide to the _____Galaxy
93.9%
Twenty Thousand _____ Under the SeaLeagues
93.5%
Harry Potter and the _____ HallowsDeathly
89.6%
Strange Case of Dr _____ and Mr HydeJekyll
85.5%
Through the Looking-Glass, and What _____ Found ThereAlice
84.1%
A _____ of the Artist as a Young ManPortrait
83.9%
Rosencrantz and Guildenstern Are _____Dead
77.8%
A Connecticut _____ in King Arthur's CourtYankee
76.7%
Alexander and the _____, Horrible, No Good, Very Bad DayTerrible
64.5%
Do _____ Dream of Electric Sheep?Androids
60.8%
Title Missing Word % Correct
The Curious Incident of the _____ in the Night-TimeDog
57.8%
One Day in the Life of _____ DenisovichIvan
53.4%
Stopping by Woods on a _____ EveningSnowy
47.3%
And to Think That I Saw It on _____ StreetMulberry
44.1%
Do not go _____ into that good nightgentle
39.6%
Six Characters in Search of an _____Author
30.7%
_____ Written in a Country ChurchyardElegy
26.8%
The Hundred-Year-Old Man Who Climbed Out the Window and _____Disappeared
18.4%
Lines Composed a Few Miles above _____ AbbeyTintern
15.9%
When _____ Last in the Dooryard Bloom'dLilacs
12.5%

Today's Daily Dose

Remove Ads.
Support Sporcle.
Get the best of Sporcle when you Go Orange. This ad-free experience offers more features, more stats, and more fun while also helping to support Sporcle. Thank you for becoming a member.

You're not logged in!

Compare scores with friends on all Sporcle quizzes.
OR
Log In

Show Comments

Extras

Top Quizzes Today


Score Distribution

Your Account Isn't Verified!

In order to create a playlist on Sporcle, you need to verify the email address you used during registration. Go to your Sporcle Settings to finish the process.

Report this User

Report this user for behavior that violates our Community Guidelines.

Details: